| Tag |
First Indicator |
Second Indicator |
Subfields |
| LEADER |
00000cam a2200000Ia 4500 |
| 001 |
in00002647310 |
| 005 |
20210727155432.0 |
| 006 |
m d |
| 007 |
cr cn| |
| 008 |
101123s2011 gw a ob 101 0 eng d |
| 020 |
|
|
|a 3642164722 (electronic bk.)
|
| 020 |
|
|
|a 9783642164729 (electronic bk.)
|
| 035 |
|
|
|a (OCoLC)682910909
|
| 035 |
|
|
|a (OCoLC)ocn682910909
|
| 035 |
|
|
|a 3834973
|
| 037 |
|
|
|a 978-3-642-16471-2
|b Springer
|n http://www.springerlink.com
|
| 040 |
|
|
|a GW5XE
|b eng
|c GW5XE
|d UtOrBLW
|
| 049 |
|
|
|a TXAC
|
| 050 |
|
4 |
|a TK5105.6
|b .T78 2011
|
| 082 |
0 |
4 |
|a 004
|2 22
|
| 111 |
2 |
|
|a TST 2010
|d (2010 :
|c Katowice and Ustroń, Poland)
|
| 245 |
1 |
0 |
|a Transport systems telematics :
|b 10th conference, TST 2010, Katowice-Ustroń, Poland, October 20-23, 2010, selected papers /
|c Jerzy Mikulski (Ed.).
|
| 246 |
3 |
|
|a TST 2010
|
| 264 |
|
1 |
|a Berlin ;
|a Heidelberg :
|b Springer,
|c [2011]
|
| 264 |
|
4 |
|c ©2011
|
| 300 |
|
|
|a xiv, 470 pages :
|b illustrations
|
| 336 |
|
|
|a text
|b txt
|2 rdacontent
|
| 337 |
|
|
|a computer
|b c
|2 rdamedia
|
| 338 |
|
|
|a online resource
|b cr
|2 rdacarrier
|
| 490 |
1 |
|
|a Communications in computer and information science ;
|v 104
|
| 500 |
|
|
|a Electronic resource.
|
| 500 |
|
|
|a International conference papers.
|
| 504 |
|
|
|a Includes bibliographical references and author index.
|
| 533 |
|
|
|a Electronic reproduction.
|b New York :
|c Springer,
|d 2010.
|n Mode of access: World Wide Web.
|n System requirements: Web browser.
|n Title from title screen (viewed on Nov. 8, 2010).
|n Access may be restricted to users at subscribing institutions.
|
| 650 |
|
0 |
|a Telematics
|v Congresses.
|
| 655 |
|
7 |
|a Electronic books.
|2 local
|
| 700 |
1 |
|
|a Mikulski, Jerzy.
|0 http://id.loc.gov/authorities/names/n98008670
|
| 710 |
2 |
|
|a SpringerLink (Online service)
|0 http://id.loc.gov/authorities/names/no2005046756
|
| 830 |
|
0 |
|a Communications in computer and information science ;
|v 104.
|0 http://id.loc.gov/authorities/names/no2008037797
|
| 856 |
4 |
0 |
|u http://proxy.library.tamu.edu/login?url=https://dx.doi.org/10.1007/978-3-642-16472-9
|z Connect to the full text of this electronic book
|t 0
|
| 994 |
|
|
|a 92
|b TXA
|
| 999 |
|
|
|a MARS
|
| 999 |
f |
f |
|s b7b394a2-b13e-3035-81f4-25fa33939f45
|i 66de5aaa-19ad-3329-9b4b-2c69e2bc118c
|t 0
|
| 952 |
f |
f |
|a Texas A&M University
|b College Station
|c Electronic Resources
|d Available Online
|t 0
|e TK5105.6 .T78 2011
|h Library of Congress classification
|
| 998 |
f |
f |
|a TK5105.6 .T78 2011
|t 0
|l Available Online
|